Fill the World Map by Bordering Country Pairs in Alphabetical Order - Statistics

General Stats
  • This quiz has been taken 2,435 times
  • The average score is 40 of 124
Answers on the Map
Answers color-coded by a green-red scale on the quiz's map according to % correct below.
 
Answer Stats
Country % Correct
Afghanistan
99%
China
75%
Albania
64%
Greece
61%
Algeria
58%
Andorra
57%
Libya
57%
Angola
56%
Argentina
56%
Armenia
56%
Bolivia
56%
D.R. Congo
56%
France
56%
Azerbaijan
55%
Austria
52%
Bangladesh
51%
Czech Republic
51%
Belgium
50%
Germany
50%
India
50%
Belarus
49%
Belize
49%
Benin
49%
Guatemala
49%
Latvia
49%
Burkina Faso
48%
Brazil
47%
Botswana
46%
Colombia
46%
Bosnia and Herzegovina
45%
Croatia
45%
Namibia
45%
Cambodia
43%
Cameroon
43%
Canada
43%
Central African Republic
43%
Chad
43%
Chile
43%
Laos
43%
Peru
43%
United States
43%
Brunei
42%
Bulgaria
42%
Burundi
42%
Malaysia
41%
Niger
41%
Rwanda
41%
Macedonia
40%
Costa Rica
39%
Nicaragua
39%
Djibouti
35%
Eritrea
35%
Dominican Republic
34%
Haiti
34%
Egypt
33%
Israel
33%
Cote d'Ivoire
31%
El Salvador
31%
Estonia
31%
Ethiopia
31%
Honduras
31%
Russia
31%
East Timor
30%
Ghana
30%
Indonesia
30%
Kenya
30%
Equatorial Guinea
29%
Finland
29%
Gabon
29%
Norway
29%
Gambia
27%
Senegal
27%
Guinea
25%
Guinea-Bissau
25%
Guyana
25%
Suriname
25%
Georgia
24%
Hungary
24%
Romania
24%
Iran
23%
Iraq
23%
Italy
23%
Jordan
23%
Turkey
23%
Ireland
22%
Kazakhstan
22%
Kyrgyzstan
22%
San Marino
22%
Saudi Arabia
22%
United Kingdom
22%
Kosovo
18%
Montenegro
18%
Lesotho
17%
South Africa
17%
Lebanon
15%
Liberia
15%
Syria
15%
Malawi
14%
Mali
14%
Mauritania
14%
Mozambique
14%
Sierra Leone
14%
Zambia
14%
Liechtenstein
13%
Lithuania
13%
Poland
13%
Switzerland
13%
Zimbabwe
13%
Moldova
12%
Myanmar
12%
Thailand
12%
Ukraine
12%
Morocco
11%
Oman
11%
Spain
11%
North Korea
10%
South Korea
10%
United Arab Emirates
10%
South Sudan
9%
Sudan
9%
Tajikistan
7%
Tanzania
7%
Uganda
7%
Uzbekistan
7%
No matching quizzes found
Score Distribution
Percent of People with Each Score
Percentile by Number Answered
Your Score History
You have not taken this quiz